000 00315nam a22001337a 4500
008 170615b xxu||||| |||| 00| 0 eng d
020 _a1555872166
041 _aeng
080 _a32
100 _a19
101 _aSHP
245 _aREVOLUTION & POLITICAL CHANGE IN THE THIRD WORLD
_cSCHUTZ, B.M
942 _2udc
_cBK
999 _c17453
_d17453